00336 2200145 4500245004600000250001100046100002600057650001600083650001700099005001900116260001800135041001400153084001400167336000900181 aAutobiograficMuhammad Ridho HafidzhText aCet. 1 aMuhammad Ridho Hafidz aKarya Siswa aAutobiografi a20250520140049 aJakartac2025 aIndonesia a081 MUH a atext